| 000 | 00911cam a22002893a 4500 | ||
|---|---|---|---|
| 001 | 40300 | ||
| 003 | PGUSA | ||
| 005 | 20140828083912.0 | ||
| 008 | 120722s2012||||xxu|||||s|||||000 1 eng d | ||
| 040 |
_aPGUSA _beng |
||
| 042 | _adc | ||
| 050 | 4 | _aPZ | |
| 100 | 1 |
_aRaymond, Evelyn, _d1843-1910 |
|
| 245 | 1 | 0 |
_aDorothy _h[electronic resource] / _cEvelyn Raymond |
| 260 |
_bProject Gutenberg, _c2012 |
||
| 506 | _aPublic domain in the USA. | ||
| 516 | _aElectronic text | ||
| 653 | _aChester, Dorothy (Fictitious character) -- Juvenile fiction | ||
| 653 | _aOrphans -- Juvenile fiction | ||
| 653 | _aBildungsromans | ||
| 653 | _aBaltimore (Md.) -- Social life and customs -- Juvenile fiction | ||
| 653 | _aChildren and adults -- Juvenile fiction | ||
| 653 | _aKidnapping -- Juvenile fiction | ||
| 830 | 0 |
_aProject Gutenberg _v40300 |
|
| 856 | 4 | 0 | _uhttp://www.gutenberg.org/ebooks/40300 |
| 942 | _cEB | ||
| 999 |
_c269553 _d269553 |
||